000 00945nas a2200301 4500
001 BR0403519
003 BR-BrBNA
005 20231205104705.0
007 ta
008 230509b bl.|||p| |||| 00| 00por d
040 _aBR-BrBNA
_bpor
_cBiblioteca Nacional de Agricultura
041 _a(Pt)
072 _aJ11
100 1 _aLima, F.J.C.
100 1 _aTanaka, S.M.C.N.
100 1 _aNunes, G.S.
100 1 _aSantos, T.C.R. dos
100 1 _aCordeiro, P.J.M.
245 1 _aAnálise de resíduos do inseticida metamidofós em soja e determinação final por cromatografia em fase gasosa
650 _aSOJA
650 _aINSETICIDA
650 _aRESÍDUO
650 _aEFEITO RESIDUAL
650 _aCROMATOGRAFIA GASOSA
773 0 _tPesticidas. Revista de Ecotoxicologia e Meio Ambiente (Brazil)
_xISSN 0103-7277
_g(Jan-Dec 2003), v. 13 p. 91-102
_wBR0403519
909 _a202311
_bLúcia
_c55
_dLúcia Elande
942 _2AGRIS
_n0
_cANA
999 _c179284
_d179284